00482 2200193 4500001002100000005001500021035002000036008004100056245006300097100001900160250000600179260003100185300001200216084001400228082000800242650001400250990001200264990001200276INLIS00000000000007920240502103429 a0010-0424000055240502 0 ind 1 aBuku Guru Bahasa Inggris XII Edisi Revisi /cUtami Widiati aWidiati, Utami a1 aJakarta :bGramedia,c2018 a168 hlm a420 UTA b a420 4aNon Fiksi a0736184 a0736185